Che y Fidel : (Record no. 1723)
[ view plain ]
| 000 -CABECERA | |
|---|---|
| campo de control de longitud fija | 00818nam a2200193 a 4500 |
| 001 - NÚMERO DE CONTROL | |
| campo de control | 000001846 |
| 005 - FECHA Y HORA DE LA ÚLTIMA TRANSACCIÓN | |
| campo de control | 20200929145728.0 |
| 008 - DATOS DE LONGITUD FIJA--INFORMACIÓN GENERAL | |
| campo de control de longitud fija | 090629s2004 cu abc 000 0 spa d |
| 020 ## - NÚMERO INTERNACIONAL ESTÁNDAR DEL LIBRO | |
| Número Internacional Estándar del Libro | 9592112630 |
| 040 ## - FUENTE DE LA CATALOGACIÓN | |
| Centro catalogador/agencia de origen | DO-SdBNP |
| 049 ## - FONDOS LOCALES (OCLC) | |
| Fondos de biblioteca | BNPHD |
| 245 00 - MENCIÓN DE TÍTULO | |
| Título | Che y Fidel : |
| Resto del título | una amistad entrañable / |
| Mención de responsabilidad, etc. | selección y organización de textos e investigadores Juan Carlos Rodríguez Cruz, Marilyn Rodríguez ; edición Martha Pon. |
| 260 ## - PUBLICACIÓN, DISTRIBUCIÓN, ETC. | |
| Lugar de publicación, distribución, etc. | La Habana : |
| Nombre del editor, distribuidor, etc. | Capitan San Luis, |
| Fecha de publicación, distribución, etc. | 2004. |
| 300 ## - DESCRIPCIÓN FÍSICA | |
| Extensión | [s.p.] : |
| Otras características físicas | il., retrs., mapas ; |
| Dimensiones | 30 cm. |
| 500 ## - NOTA GENERAL | |
| Nota general | Incluye notas al pie de las paginas |
| 700 1# - PUNTO DE ACCESO ADICIONAL--NOMBRE DE PERSONA | |
| Nombre de persona | Rodríguez Cruz, Juan Carlos |
| Término indicativo de función/relación | selección, organización de textos e investigador |
| 9 (RLIN) | 5912 |
| 700 1# - PUNTO DE ACCESO ADICIONAL--NOMBRE DE PERSONA | |
| Nombre de persona | Rodríguez, Marilyn |
| Término indicativo de función/relación | selección, organización de textos, ed. e investigación |
| 9 (RLIN) | 6006 |
| 700 1# - PUNTO DE ACCESO ADICIONAL--NOMBRE DE PERSONA | |
| Nombre de persona | Pon, Martha |
| Término indicativo de función/relación | ed. |
| 9 (RLIN) | 6007 |
| Estado de retiro | Estado de pérdida | Restricciones de uso | No para préstamo | Código de colección | Localización permanente | Ubicación/localización actual | Ubicación en estantería | Fecha de adquisición | Número de inventario | Total de préstamos | Signatura topográfica completa | Código de barras | Fecha visto por última vez | Precio válido a partir de | Tipo de ítem Koha |
|---|---|---|---|---|---|---|---|---|---|---|---|---|---|---|---|
| Monografías: Libros y Folletos | General | General | Orden iniciada | 29.06.2009 | LF1 | 1846-10 | 25.06.2020 | 25.06.2020 | No se presta | ||||||
| Monografías: Libros y Folletos | General | General | Orden iniciada | 29.06.2009 | LF1 | 1846-20 | 25.06.2020 | 25.06.2020 | No se presta |
